000 00918cam a2200277 a 4500
001 30839
005 20230410132558.0
008 001205s2000 dr a b 000 0 spa
035 _a12249762
925 0 _aacquire
_b1 shelf copy
_xpolicy default
942 _2lcc
_cbk
010 _a 00459034
020 _a8489752524 (encuadernada)
020 _a8489752532 (rústica)
040 _aDLC
_cDLC
_dDLC
050 1 4 _aPQ7409.V57
_bA17 2000
082 0 0 _a861/.62
_221
100 1 _aVizardi, Ligio,
_d1895-1968.
240 1 0 _aPoems
245 1 0 _aPoesías completas /
_cLigio Vizardi ; semblanza por Virgilio Díaz Grullón ; estudio de José Alcántara Almánzar.
246 1 4 _aPoesías
260 _aSanto Domingo :
_bEdiciones de la Fundación Corripio,
_c2000.
300 _a293 p. :
_bill. ;
_c23 cm.
440 0 _aBiblioteca de clásicos dominicanos ;
_vv. 29
504 _aIncludes bibliographical references.
999 _c84010
_d84010